[Event "Manizales Las Americas op-B"]
[Site "Manizales"]
[Date "2021.10.18"]
[Round "8"]
[White "Zapata, Alvaro"]
[Black "Bastidas Segovia, Samuel Eduardo"]
[Result "1/2-1/2"]
[WhiteElo "1729"]
[BlackElo "1921"]
[PlyCount "71"]
[EventDate "2021.10.14"]
[EventType "swiss"]
[EventRounds "9"]
[EventCountry "COL"]
[SourceTitle "EXT 2023"]
[Source "ChessBase"]
[SourceDate "2022.10.05"]
[SourceVersion "1"]
[SourceVersionDate "2022.10.05"]
[SourceQuality "1"]

1. d4 d5 2. Nf3 Nf6 3. c3 e6 4. Bf4 Bd6 5. e3 b6 6. Bd3 Bb7 7. Nbd2 Nbd7 8. Qc2 0-0 9. Ne5 Qe7 10. Ndf3 Ne4 11. Qa4 Bxe5 12. Nxe5 Nxe5 13. Bxe5 f6 14. Bg3 c5 15. Bxe4 dxe4 16. 0-0 a6 17. dxc5 Qxc5 18. Qd7 Qc8 19. Rfd1 Bd5 20. Qd6 b5 21. Rd4 Rd8 22. Qa3 a5 23. Rad1 Qc6 24. h3 Rdc8 25. Qe7 Re8 26. Qa3 Kf7 27. b3 Qa6 28. c4 bxc4 29. bxc4 Bxc4 30. Rxe4 Bd5 31. Ra4 Qe2 32. Qd3 Qxd3 33. Rxd3 Rec8 34. Rda3 Rc5 35. f3 e5 36. Be1 1/2-1/2

[Event "Manizales Las Americas op-B"]
[Site "Manizales"]
[Date "2021.10.17"]
[Round "7"]
[White "Zapata, Alvaro"]
[Black "Ocampo, Cristian David"]
[Result "1-0"]
[WhiteElo "1729"]
[BlackElo "1842"]
[PlyCount "77"]
[EventDate "2021.10.14"]
[EventType "swiss"]
[EventRounds "9"]
[EventCountry "COL"]
[SourceTitle "EXT 2023"]
[Source "ChessBase"]
[SourceDate "2022.10.05"]
[SourceVersion "1"]
[SourceVersionDate "2022.10.05"]
[SourceQuality "1"]

1. d4 d6 2. Nf3 g6 3. Bf4 Nf6 4. e3 Bg7 5. Bc4 c6 6. 0-0 b5 7. Bb3 Bg4 8. h3 Bf5 9. Nbd2 Nbd7 10. c3 0-0 11. Nh4 Bd3 12. Re1 c5 13. Nhf3 c4 14. Bc2 Bxc2 15. Qxc2 Ne8 16. Rad1 e5 17. dxe5 dxe5 18. Bg3 Qe7 19. Nf1 Nc5 20. b3 Nd3 21. Re2 e4 22. Nd4 Bxd4 23. cxd4 f5 24. bxc4 Rc8 25. c5 Qe6 26. Qb3 Qxb3 27. axb3 Nf6 28. Ra1 Rf7 29. Rea2 Ra8 30. Ra5 b4 31. Nd2 g5 32. c6 Ne8 33. Nc4 f4 34. Rxg5+ Kh8 35. Bh2 Rc8 36. d5 h6 37. Rh5 Kg7 38. Ra5 Nf6 39. Rf5 1-0

[Event "Caldense-ch"]
[Site "Manizales"]
[Date "2017.10.27"]
[Round "4"]
[White "Zapata, Alvaro"]
[Black "Mena, Yamil Octavio"]
[Result "1/2-1/2"]
[WhiteElo "1705"]
[BlackElo "1953"]
[PlyCount "73"]
[EventDate "2017.10.26"]
[EventType "swiss"]
[EventRounds "8"]
[EventCountry "COL"]
[SourceTitle "CBM 181 Extra"]
[Source "ChessBase"]
[SourceDate "2017.12.12"]
[SourceVersion "1"]
[SourceVersionDate "2017.12.12"]
[SourceQuality "1"]

1. d4 Nf6 2. Nf3 e6 3. Bf4 d6 4. e3 Be7 5. h3 0-0 6. Be2 Nbd7 7. 0-0 b6 8. c4 Bb7 9. Nc3 h6 10. Bh2 Nh7 11. e4 f5 12. e5 f4 13. Qc2 Ng5 14. Nxg5 Bxg5 15. Bg4 Qe8 16. exd6 h5 17. Bf3 Bxf3 18. gxf3 cxd6 19. Nb5 Qe7 20. Rae1 Rf6 21. Nc7 Rc8 22. Nd5 Qf7 23. Nxf6+ Qxf6 24. Qd3 e5 25. Kh1 exd4 26. Rg1 Ne5 27. Qe4 d3 28. b3 Kh8 29. Rxg5 Qxg5 30. Bxf4 Qh4 31. Qf5 Re8 32. Bg3 d2 33. Rd1 g6 34. Bxh4 gxf5 35. Bf6+ Kh7 36. Bxe5 dxe5 37. Rxd2 1/2-1/2

[Event "COL sub zt 2.3.4"]
[Site "La Dorada"]
[Date "2016.11.02"]
[Round "1"]
[White "Prieto, Ernesto"]
[Black "Zapata, Alvaro"]
[Result "1-0"]
[WhiteElo "2057"]
[BlackElo "1750"]
[PlyCount "37"]
[EventDate "2016.11.02"]
[EventType "swiss"]
[EventRounds "9"]
[EventCountry "COL"]
[SourceTitle "CBM 175 Extra"]
[Source "ChessBase"]
[SourceDate "2016.12.12"]
[SourceVersion "1"]
[SourceVersionDate "2016.12.12"]
[SourceQuality "1"]

1. e4 e6 2. d4 c5 3. Nf3 Be7 4. c4 d6 5. Bd3 Qb6 6. dxc5 Qxc5 7. 0-0 Nc6 8. Nc3 Nf6 9. Be3 Qa5 10. a3 e5 11. b4 Qd8 12. b5 Na5 13. h3 Be6 14. Nd2 Rc8 15. Qe2 b6 16. Rac1 0-0 17. f4 exf4 18. Bxf4 Re8 19. Qf3 1-0